Los golpes militares (1930-1983) : de la dictadura de uriburu al terrorismo de estado /
Guardado en:
| Autor Principal: | |
|---|---|
| Formato: | Libro |
| Publicado: |
Buenos Aires :
Planeta,
2003
|
| Series: | Momentos clave de la historia argentina
|
| Materias: | |
| Etiquetas: |
Agregar Etiqueta
Sin Etiquetas, Sea el primero en etiquetar este registro!
|
| LEADER | 00949nam a22002415a 4500 | ||
|---|---|---|---|
| 001 | CEM.cems013032 | ||
| 005 | 20081031104133.0 | ||
| 008 | 130507s2003##################000#0#####d | ||
| 003 | CEMS | ||
| 020 | |a 9504911471 | ||
| 082 | 0 | 4 | |a 982.06 |
| 100 | 1 | |a Luna. Félix | |
| 245 | 1 | 0 | |a Los golpes militares (1930-1983) : |b de la dictadura de uriburu al terrorismo de estado / |c Félix Luna |
| 260 | |a Buenos Aires : |b Planeta, |c 2003 | ||
| 300 | |a 160 p. | ||
| 490 | 0 | |a Momentos clave de la historia argentina | |
| 505 | 0 | |a La dictadura de Uriburu -- El golpe de Estado de 1943 -- El golpe de Estado de 1955 -- Frondizi y el poder militar -- La Revolución Argentina -- El terrorismo de Estado -- Cronología | |
| 653 | |a Historia | ||
| 653 | |a Historia argentina | ||
| 653 | |a Historia argentina 1930-1983 | ||
| 653 | |a Argentina-golpes militares | ||
| 653 | |a Argentina-terrorismo de estado | ||
| 859 | |a CEMS |b BIB. CEMS - 11 de abril |h 982.06 |i L971 |p 25471.08 |t Ej.1 | ||
